ARRUPE JESUIT UNIVERSITY

CORONAVIRUS -STOP THE SPREAD - CLEAN,DISINFECT,COVER

Der Alchemist C : (Record no. 125442)

MARC details
000 -LEADER
fixed length control field 00714cam a22002414a 4500
001 - CONTROL NUMBER
control field 14482286
003 - CONTROL NUMBER IDENTIFIER
control field ARRUPE
005 - DATE AND TIME OF LATEST TRANSACTION
control field 20161007102140.0
008 - FIXED-LENGTH DATA ELEMENTS--GENERAL INFORMATION
fixed length control field 060721s2006 gw a b 001 0dger
010 ## - LIBRARY OF CONGRESS CONTROL NUMBER
LC control number 2006485773
020 ## - INTERNATIONAL STANDARD BOOK NUMBER
International Standard Book Number 3938657014 (pbk.)
035 ## - SYSTEM CONTROL NUMBER
System control number (GyWOH)har065010025
040 ## - CATALOGING SOURCE
Original cataloging agency DLC
Transcribing agency DLC
043 ## - GEOGRAPHIC AREA CODE
Geographic area code e-gx---
050 00 - LIBRARY OF CONGRESS CALL NUMBER
Classification number QD22.K514
Item number A43 2006
300 ## - PHYSICAL DESCRIPTION
Dimensions 22 cm.
100 ## - MAIN ENTRY--PERSONAL NAME
Personal name Coelho, Paulo
9 (RLIN) 14925
245 04 - TITLE STATEMENT
Title Der Alchemist C :
Remainder of title Folge den Traumen
Statement of responsibility, etc Paulo, Coelho
260 ## - PUBLICATION, DISTRIBUTION, ETC. (IMPRINT)
Place of publication, distribution, etc Munchen :
Name of publisher, distributor, etc Verlag Peter Erd,
Date of publication, distribution, etc 1993
300 ## - PHYSICAL DESCRIPTION
Extent 146 p. :
906 ## - LOCAL DATA ELEMENT F, LDF (RLIN)
a 7
b cbc
c origres
d 3
e ncip
f 20
g y-gencatlg
942 ## - ADDED ENTRY ELEMENTS (KOHA)
Source of classification or shelving scheme Library of Congress Classification
Koha item type Monograph ( Printed materials)
Holdings
Withdrawn status Lost status Source of classification or shelving scheme Damaged status Not for loan Collection code Home library Current library Shelving location Date acquired Total Checkouts Full call number Barcode Date last seen Price effective from Koha item type
    Library of Congress Classification     Main Collection ARRUPE LIBRARY ARRUPE LIBRARY Main Collection 07/10/2016   PQ9698.13.O554613 A4 46500010616 07/10/2016 07/10/2016 Monograph ( Printed materials)

 

Arrupe Library. PO Box MP320 Mt Pleasant, Harare, Zimbabwe
263 242 745411|librarian@aju.ac.zw